000 06003cam a22018974i 4500
003 PE-LiUPU
005 20250813165937.0
008 150706s2012 sp a rb 001 0 spa d
020 _a8415419422
020 _a9788415419426
035 _a(Sirsi) i9788415419426
035 _a(Sirsi) i9788415419426
040 _aPE-LiUPU
_bspa
_cPE-LiUPU
_dPE-LiUPU
_erda
041 1 _aspa
_heng
049 _aPRUA
082 0 4 _a610.72
_bH96
_221
100 1 _aHurley, Wendy L. ,
_eautor.
245 1 0 _aMétodos de investigación :
_bfundamentos de una práctica clínica basada en le evidencia /
_cWendy L. Hurley, Craig R. Denegar, Jay Hertel ; [traducción, Juan Carlos Vázquez].
264 1 _aBarcelona :
_bLippincott Williams & Wilkins,
_c2012.
300 _a426 páginas :
_bilustraciones ;
_c23 centímetros
336 _atext
_2rdacontent
337 _aunmediated
_2rdamedia
338 _avolume
_2rdacarrier
504 _aIncluye bibliografía al final de cada capítulo.
504 _aIncluye índice.
505 0 _aIntroducción a la investigación clínica -- La investigación: una perspectiva general -- Cómo leer la investigación: evaluación de los artículos de investigación -- Práctica clínica basada en la evidencia: descubrir las mejores prácticas -- Medicina basada en evidencias: una perspectiva histórica -- Ética y conducta responsable en la investigación y la práctica clínica -- En busca de respuestas: cómo la pregunta dirige los métodos -- La jerarquía de la evidencia científica -- Investigación cualitativa -- Investigación cuantitativa -- Validez y fiabilidad -- Pruebas de comparación -- Medidas de asociación -- Investigación clínica: diagnóstico, prevención y tratamiento -- Evaluación y diagnóstico: métodos de investigación y análisis de los datos -- Cribado y prevención de enfermedades y lesiones: métodos de investigación y análisis de los datos -- Resultados del tratamiento a través del espectro de la discapacidad -- Resultados del tratamiento: métodos de investigación y análisis de los datos -- Guías de práctica clínica y reglas de predicción clínica -- Revisión sistemática y metaanálisis -- Divulgación de la investigación -- Presentación de los resultados -- Redacción de una propuesta de financiación -- Integración de la medicina basada en la evidencia a la experiencia educativa -- Evidencia científica en el aprendizaje y la enseñanza -- La experiencia clínica.
526 _aP203
526 _aP200
526 _aSEG65
526 _aSEG64
526 _aSEG63
526 _aSEG62
526 _aSEG61
526 _aSEG60
526 _aSEG59
526 _aSEG58
526 _aSEG57
526 _aSEG56
526 _aSEG55
526 _aSEG54
526 _aSEG53
526 _aSEG52
526 _aSEG51
526 _aSEG50
526 _aSEG49
526 _aSEG48
526 _aSEG47
526 _aSEG46
526 _aSEG24
526 _aSEG23
526 _aSEG22
526 _aSEG21
526 _aSEG20
526 _aSEG19
526 _aSEG18
526 _aSEG17
526 _aSEG16
526 _aSEG14
526 _aSEG13
526 _aSEG12
526 _aSEG11
526 _aSEG10
526 _aSEG09
526 _aSEG06
526 _aSEG05
526 _aSEG04
526 _aSEG03
526 _aSEG02
526 _aSEG68
526 _aSEG66
526 _aSEG45
526 _aSEG25
526 _aSEG01
526 _aP163
526 _aP162
526 _aP161
526 _aP160
526 _aP159
526 _aP158
526 _aP157
526 _aP156
526 _aP155
526 _aP154
526 _aP153
526 _aP152
526 _aP151
526 _aP150
526 _aP149
526 _aP142
526 _aP141
526 _aP140
526 _aP139
526 _aP138
526 _aP137
526 _aP132
526 _aP131
526 _aP130
526 _aP126
526 _aP125
526 _aP124
526 _aP123
526 _aP115
526 _aP122
526 _aP121
526 _aP116
526 _a P114
526 _aP112
526 _aP111
526 _aP104
526 _aP103
526 _aP102
526 _aP101
526 _aP100
526 _aP96
526 _aP95
526 _aP93
526 _aP92
526 _aP91
526 _aP88
526 _aP83
526 _aP82
526 _aP79
526 _aP78
526 _aP75
526 _aP74
526 _aP71
526 _aP69
526 _a P51
526 _aP49
526 _aP48
526 _aP47
526 _aP33
526 _aP31
526 _a P30
526 _aP29
526 _aP27
526 _aP26
526 _aP25
526 _aP24
526 _a P22
526 _aP10
526 _aP09
526 _a P08
526 _aP06
526 _aP05
526 _aP04
526 _aP01
534 _pTítulo original :
_tResearch methods .
541 _g001-000094;
650 0 4 _aMedicina
_xInvestigación
_xEvaluación.
650 0 4 _aMedicina basada en la evidencia.
700 1 _aDenegar, Craig R.,
_eautor.
700 1 _aHertel, Jay,
_eautor.
700 1 _aVázquez, Juan Carlos,
_etraductor.
910 _agl
_clch
_d20130909
942 _2ddc
_cBOOK
949 _aPGEN 610.72 H96
_wDEWEY
_c1
_i68356
_lPOSTGRADO
_mBUL
_p57.00
_r0
_sY
_tBOOK
_u2015-7-6
_xPOSGRADO
_PP69
_0COMPRA
_o.CIRCNOTE. No olvidar cambiar la fecha de devolución!!!!!!!
_o.STAFF. Colección General
994 _aC0
_bPEPRU
596 _a1
999 _a610.72 H96
_wDEWEY
_c55756
_i68356
_d55756
_e2017-6-9
_f2021-11-3
_g5
_lCCODEBUL1
_mBUL
_n2
_p57.00
_q1
_r0
_sY
_tBOOK
_u2015-7-6
_xSALUD
_zP69
_0COMPRA
_o.CIRCNOTE. No olvidar cambiar la fecha de devolución!!!!!!!
_o.STAFF. Colección Ciencias de la Salud
980 _81
_gALBERTO SANCHEZ Responsable de Automatización